Rozšírenie zariadení o smart funkcie
Na minha lista:
| Autor principal: | |
|---|---|
| Outros Autores: | |
| Formato: | Manuscrito Livro |
| Idioma: | eslovaco |
| Publicado em: |
Bratislava :
STU v Bratislava FEI,
2021
|
| Assuntos: | |
| Acesso em linha: | https://opac.crzp.sk/?fn=detailBiblioForm&sid=7E417B54B864B7C45222FD4635AB&seo=CRZP-detail-kniha |
| Tags: |
Sem tags, seja o primeiro a adicionar uma tag!
|
MARC
| LEADER | 00000ntm a22000003a 4500 | ||
|---|---|---|---|
| 001 | stuzp83228 | ||
| 003 | SK-STU | ||
| 005 | 20211207132940.2 | ||
| 007 | ta | ||
| 008 | 150427s2015----xo-----f-mn---000-0-slo-d | ||
| 040 | |a STU |b slo | ||
| 041 | 0 | |a slo | |
| 044 | |a xo | ||
| 100 | 1 | |a Bachratý, Martin |u 030400 |4 aut |U FEI Fakulta elektrotechniky a informatiky |T FEI Ústav automobilovej mechatroniky |X 72770 |U E400 |Y 642 |7 72770 | |
| 242 | 0 | 1 | |a Smart functinality augmentation |y eng |
| 245 | 1 | 0 | |a Rozšírenie zariadení o smart funkcie |
| 260 | |a Bratislava : |b STU v Bratislava FEI, |c 2021 | ||
| 300 | |a 97 s., príl. | ||
| 650 | 4 | |a Arduino |2 slo | |
| 650 | 4 | |a SmartHome |2 slo | |
| 650 | 4 | |a iOs |2 slo | |
| 650 | 4 | |a Swift |2 slo | |
| 650 | 4 | |a SwiftUI |2 slo | |
| 650 | 4 | |a IoT |2 slo | |
| 650 | 4 | |a IR |2 slo | |
| 650 | 4 | |a IoT |2 eng | |
| 650 | 4 | |a Arduino |2 eng | |
| 650 | 4 | |a SmartHome |2 eng | |
| 650 | 4 | |a iOs |2 eng | |
| 650 | 4 | |a Swift |2 eng | |
| 650 | 4 | |a SwiftUI |2 eng | |
| 650 | 4 | |a IR |2 eng | |
| 700 | 1 | |a Rábek, Matej |u 030400 |k Z2 |4 ths |U FEI Fakulta elektrotechniky a informatiky |T FEI Ústav automobilovej mechatroniky |X 8855 |U E400 |Y 642 |7 A000008855 | |
| 856 | 4 | |u https://opac.crzp.sk/?fn=detailBiblioForm&sid=7E417B54B864B7C45222FD4635AB&seo=CRZP-detail-kniha | |